Accounting principles for lawyers
This book explains those aspects of accounting that lawyers need to understand, such as how accounting in the UK interacts with companies legislation, and the move to international accounting standards. For the general practitioner as well as lawyers working in corporate and commercial law and tax.
Đã lưu trong:
| 主要作者: | |
|---|---|
| 格式: | 图书 |
| 语言: | Undetermined |
| 出版: |
Cambridge
Cambridge University Press
2006
|
| 主题: | |
| 标签: |
添加标签
没有标签, 成为第一个标记此记录!
|
| Thư viện lưu trữ: | Trung tâm Học liệu Trường Đại học Cần Thơ |
|---|
| LEADER | 00977nam a2200217Ia 4500 | ||
|---|---|---|---|
| 001 | CTU_153247 | ||
| 008 | 210402s9999 xx 000 0 und d | ||
| 082 | |a 657.02 | ||
| 082 | |b H731 | ||
| 100 | |a Holgate, Peter | ||
| 245 | 0 | |a Accounting principles for lawyers | |
| 245 | 0 | |c Peter Holgate | |
| 260 | |a Cambridge | ||
| 260 | |b Cambridge University Press | ||
| 260 | |c 2006 | ||
| 520 | |a This book explains those aspects of accounting that lawyers need to understand, such as how accounting in the UK interacts with companies legislation, and the move to international accounting standards. For the general practitioner as well as lawyers working in corporate and commercial law and tax. | ||
| 650 | |a Accounting,Accounting,Accounting,Accounting,Accounting | ||
| 650 | |x Standards,Law and legislation,Law and legislation | ||
| 650 | |z Great Britain,Great Britain,Wales,England,Wales | ||
| 904 | |i Bạch Trúc | ||
| 980 | |a Trung tâm Học liệu Trường Đại học Cần Thơ | ||